| 000 | 00506nam a2200133Ia 4500 | ||
|---|---|---|---|
| 008 | 171212s9999 xx 000 0 und d | ||
| 020 | _a9781439912768 | ||
| 100 | _aO'Brien, Peter | ||
| 245 |
_cO'Brien, Peter _aThe Muslim Question in Europe _bPolitical Controversies and Public Philosophies |
||
| 260 |
_bTemple University Press _c2016 |
||
| 650 | _aMuslims -- Europe -- Politics and government; Islam and politics -- Europe | ||
| 650 | _aPolitical Science | ||
| 856 | _uhttp://jstor.org/stable/j.ctt1kft8dx | ||
| 999 |
_c352846 _d352846 |
||